We Were Liars Characters by Picture - Statistics

General Stats
  • This quiz has been taken 66 times
  • The average score is 8 of 12
Answer Stats
Picture Answer % Correct
Cadence
91%
Gat
91%
Johnny
91%
Mirren
80%
Bess
63%
Carrie
59%
Ed
56%
Harris
56%
Penny
56%
Will
56%
Tipper
46%
Ebon
30%
No matching quizzes found
Score Distribution
Percent of People with Each Score
Percentile by Number Answered
Your Score History
You have not taken this quiz